| 000 | 00568nam a2200205 a 4500 | ||
|---|---|---|---|
| 005 | 20241115063734.0 | ||
| 008 | 031103s1998 mx r 000 0 spa d | ||
| 020 | _a8470436570 | ||
| 035 | _aUPN01000130611 | ||
| 049 | _aCG | ||
| 050 | 4 |
_aBL42 _bO7.6 1998 |
|
| 100 | 1 | _aOtero, Herminio | |
| 245 | 1 | 0 |
_aPropuestas creativas para la clase de religión / _cHerminio Otero . |
| 250 | _a2a ed. | ||
| 260 |
_aMadrid : _bCCS, _c1998. |
||
| 300 | _a270 p. | ||
| 440 | 0 |
_aEnseñanza religiosa ; _v3 |
|
| 650 | 4 |
_aReligión _xEstudio y enseñanza _919578 |
|
| 905 | _aLibro | ||
| 999 |
_c102768 _d102768 |
||